000 00322nam a22001457a 4500
003 SGT
020 _a9781119714347
082 _a692
_bKIL
100 _aKILMER ROSEMARY
245 _aCONSTRUCTION DRAWINGS AND DETAILS FOR INTERIORS
250 _a4TH
260 _aU.S
_bWILEY
_c2021
300 _a468
942 _2ddc
_cBK
999 _c32284
_d32284